[Event "Warren Bottom-Half U1700 op"]
[Site "Warren"]
[Date "2004.06.26"]
[Round "1"]
[White "Scioly, Anthony"]
[Black "Zorea, Carlos"]
[Result "0-1"]
[WhiteElo "1611"]
[BlackElo "1686"]
[PlyCount "46"]
[EventDate "2004.06.26"]
[EventType "swiss"]
[EventRounds "5"]
[EventCountry "USA"]
[SourceTitle "EXT 2008"]
[Source "ChessBase"]
[SourceDate "2007.11.25"]
[SourceVersion "1"]
[SourceVersionDate "2007.11.25"]
[SourceQuality "1"]

1. e4 c6 2. d4 d5 3. exd5 cxd5 4. c4 Nf6 5. Nf3 Nc6 6. Nc3 Bg4 7. Be3 e6 8. Be2 Be7 9. 0-0 0-0 10. c5 b6 11. Ne5 Bxe2 12. Nxc6 Bxd1 13. Nxd8 Rfxd8 14. Rfxd1 bxc5 15. dxc5 e5 16. Na4 d4 17. Bd2 a5 18. a3 Ne4 19. b4 Nxd2 20. Rxd2 axb4 21. axb4 Rdb8 22. Rb2 Bxc5 23. b5 d3 0-1